00335pab a2200109 454500008003600000100001600036245007100052362003400123650003000157650001900187773001900206180718b xxu||||| |||| 00| 0 eng d aJoyce Peter aLocal government and policing: the end of an historic relationship a67(2), Apr-Jun 1994, p.117-24 a Local Government -- U.K. aPolice -- U.K. aPolice Journal